Matrix Methods in Elastomechanics/ (Record no. 12079)
[ view plain ]
| 000 -LEADER | |
|---|---|
| fixed length control field | 00841cam a22002771 4500 |
| 001 - CONTROL NUMBER | |
| control field | 7502583 |
| 005 - DATE AND TIME OF LATEST TRANSACTION | |
| control field | 20160620102038.0 |
| 008 - FIXED-LENGTH DATA ELEMENTS--GENERAL INFORMATION | |
| fixed length control field | 730221s1963 nyua b 000 0 eng |
| 010 ## - LIBRARY OF CONGRESS CONTROL NUMBER | |
| LC control number | 62019249 |
| 015 ## - NATIONAL BIBLIOGRAPHY NUMBER | |
| National bibliography number | GB63-14937 |
| 035 ## - SYSTEM CONTROL NUMBER | |
| System control number | (OCoLC)561875 |
| 040 ## - CATALOGING SOURCE | |
| Original cataloging agency | DLC |
| Transcribing agency | ODaWU |
| Modifying agency | OCoLC |
| -- | Uk |
| -- | DLC |
| 042 ## - AUTHENTICATION CODE | |
| Authentication code | premarc |
| 050 00 - LIBRARY OF CONGRESS CALL NUMBER | |
| Classification number | TA355 |
| Item number | .P46 |
| 082 ## - DEWEY DECIMAL CLASSIFICATION NUMBER | |
| Classification number | 620.1 |
| Edition number | 22 |
| Item number | PES |
| 100 1# - MAIN ENTRY--PERSONAL NAME | |
| Personal name | Pestel, Eduard C. |
| 9 (RLIN) | 7104 |
| 245 10 - TITLE STATEMENT | |
| Title | Matrix Methods in Elastomechanics/ |
| Statement of responsibility, etc | [by] Eduard C. Pestel [and] Frederick A. Leckie. |
| 260 ## - PUBLICATION, DISTRIBUTION, ETC. (IMPRINT) | |
| Place of publication, distribution, etc | New York: |
| Name of publisher, distributor, etc | McGraw-Hill, |
| Date of publication, distribution, etc | 1963 |
| 300 ## - PHYSICAL DESCRIPTION | |
| Extent | 435 p.: |
| Other physical details | ill.; |
| Dimensions | 25 cm. |
| 504 ## - BIBLIOGRAPHY, ETC. NOTE | |
| Bibliography, etc | Includes bibliographyp.411-416 and index |
| 650 #0 - SUBJECT ADDED ENTRY--TOPICAL TERM | |
| Topical term or geographic name as entry element | Vibration. |
| 9 (RLIN) | 7105 |
| 650 #0 - SUBJECT ADDED ENTRY--TOPICAL TERM | |
| Topical term or geographic name as entry element | Mechanics, Applied. |
| 9 (RLIN) | 7106 |
| 650 #0 - SUBJECT ADDED ENTRY--TOPICAL TERM | |
| 9 (RLIN) | 7107 |
| Topical term or geographic name as entry element | Matrices |
| 700 1# - ADDED ENTRY--PERSONAL NAME | |
| Personal name | Leckie, Frederick A., |
| Relator term | joint author. |
| 9 (RLIN) | 7108 |
| 942 ## - ADDED ENTRY ELEMENTS (KOHA) | |
| Source of classification or shelving scheme | Dewey Decimal Classification |
| Item type | Book - Borrowing |
| Withdrawn status | Item status | Source of classification or shelving scheme | Damaged status | Not for loan | Vendor | Home library | Current library | Shelving location | Date acquired | Source of acquisition | Cost, normal purchase price | Total Checkouts | Full call number | Barcode | Date last seen | Koha item type |
|---|---|---|---|---|---|---|---|---|---|---|---|---|---|---|---|---|
| Dewey Decimal Classification | Alef-Baa | Central Library | Central Library | First floor | 29/06/2009 | 150.00 | 620.1 PES | 000017239 | 15/07/2025 | Book - Borrowing |